00381nam a2200133Ia 450000500170000000800410001702000150005808200130007310000160008624500580010226000390016030000130019950000350021220250612013150.0240331s9999 xx 000 0 und d a9559567519 bHATa322 aHaththaka,M 0aAl nakka-maha nespaththiya :bPalasteena Isral getuma aNugegodabSarasavi book shopc2004 a499 p ., aA book of Palastine- isral war